000 00401nam a22001697a 4500
003 MPLRDC
005 20220104143429.0
008 210129b ||||| |||| 00| 0 eng d
082 _a997.11 ZZXJD
100 _a赵治勋九段著
245 _a我的围棋观
_c
250 _a一版一刷
260 _a
_b人民体育出版社
_c1988
300 _b
650 _a
942 _cBK
_o997.11 ZZXJD
999 _c39832
_d39822